| 000 | 00535nam a22001697a 4500 | ||
|---|---|---|---|
| 005 | 20241203105721.0 | ||
| 008 | 241203b |||||||| |||| 00| 0 eng d | ||
| 020 | _a9780470505939 | ||
| 050 |
_aHD9175 _b.U52H324 |
||
| 100 | _aHalpin, Daniel W. | ||
| 245 |
_aConstruction Management/ _bInternational Student Version _cDaniel W. Halpin & Bolivar A. Senior |
||
| 250 | _a4th ed. | ||
| 260 |
_aHoboken, NJ _bJohn Wiley & Sons, Inc. _c2012 |
||
| 300 |
_axi.372p. _bill. _c25.5cm |
||
| 700 | _aSenior, Bolivar A. | ||
| 942 |
_2lcc _cBK _e4th ed. _n0 |
||
| 999 |
_c1919 _d1919 |
||